Night of the Ninjas (Record no. 1446)

MARC details
000 -LEADER
fixed length control field 01049pam a2200313 a 4500
005 - DATE AND TIME OF LATEST TRANSACTION
control field 20230825102207.0
020 ## - INTERNATIONAL STANDARD BOOK NUMBER
International Standard Book Number 9780590965439
040 ## - CATALOGING SOURCE
Original cataloging agency DLC
Transcribing agency DLC
Modifying agency DLC
Language of cataloging eng
050 00 - LIBRARY OF CONGRESS CALL NUMBER
Classification number PZ7.O81167
Item number Ni 1995
082 00 - DEWEY DECIMAL CLASSIFICATION NUMBER
Classification number Fic
Edition number 20
100 1# - MAIN ENTRY--PERSONAL NAME
Personal name Osborne, Mary Pope.
245 10 - TITLE STATEMENT
Title Night of the Ninjas
Statement of responsibility, etc. by Mary Pope Osborne ; illustrated by Sal Murdocca.
260 ## - PUBLICATION, DISTRIBUTION, ETC.
Place of publication, distribution, etc. New York :
Name of publisher, distributor, etc. Scholastic
Date of publication, distribution, etc. 1995.
300 ## - PHYSICAL DESCRIPTION
Extent 68 pages :
Other physical details illustrations ;
Dimensions 20 cm
490 1# - SERIES STATEMENT
Series statement Magic tree house
Volume/sequential designation Book 5
500 ## - GENERAL NOTE
General note "A First stepping stone book."
505 ## - FORMATTED CONTENTS NOTE
Formatted contents note J <br/>
520 ## - SUMMARY, ETC.
Summary, etc. The magic tree house takes Jack and Annie back in time to feudal Japan where the siblings learn about the ways of the Ninja.
521 0# - TARGET AUDIENCE NOTE
Target audience note 490 <br/>
Source Lexile <br/>
521 0# - TARGET AUDIENCE NOTE
Target audience note J <br/>
Source Raz-Plus <br/>
650 #1 - SUBJECT ADDED ENTRY--TOPICAL TERM
Topical term or geographic name entry element Time travel
General subdivision Fiction.
650 #1 - SUBJECT ADDED ENTRY--TOPICAL TERM
Topical term or geographic name entry element Magic
General subdivision Fiction.
650 #1 - SUBJECT ADDED ENTRY--TOPICAL TERM
Topical term or geographic name entry element Ninja
General subdivision Fiction.
700 1# - ADDED ENTRY--PERSONAL NAME
Personal name Murdocca, Sal
Relator term illustrator
906 ## - LOCAL DATA ELEMENT F, LDF (RLIN)
a 7
b cbc
c orignew
d 1
e ocip
f 19
g y-gencatlg
942 ## - ADDED ENTRY ELEMENTS (KOHA)
Source of classification or shelving scheme Dewey Decimal Classification
Koha item type Books
Suppress in OPAC No
999 ## -
-- 1446
-- 1446
Holdings
Withdrawn status Lost status Source of classification or shelving scheme Damaged status Not for loan Collection Home library Current library Shelving location Date acquired Total Checkouts Full call number Barcode Date last seen Date last checked out Copy number Price effective from Koha item type
    Dewey Decimal Classification     Juvenile Fiction Footprints International School Library Network Toul Kork Campus Footprints International School Library Network Toul Kork Campus   08/25/2023 1 OSB Fic PZ7.O81167 FIS00212 04/08/2024 03/26/2024 1 08/25/2023 Books
    Dewey Decimal Classification     Juvenile Fiction Footprints International School Library Network Toul Kork Campus Footprints International School Library Network Toul Kork Campus   08/25/2023 1 OSB Fic PZ7.O81167 FISBK00068 04/10/2025 08/21/2024 2 08/25/2023 Books